000 04277nam a22003617a 4500
005 20120124115524.0
010 _aB-474890-902
020 _a8188318671
_c250.00
035 _aB-474890-902
037 _bब्लूबेरी बुक्स
082 _a507.8
100 _aनिरुपमा
_950453
245 _aमाँडल कैसे बनाएँ ? /
_cनिरुपमा
260 _aनई दिल्ली
_bसनशाइन बुक्स
_c2012
270 _a4760-61, द्वितीय तल, 23, अंसारी रोड, दरियागंज
_bनई दिल्ली
_e110002
300 _a112 पृ.
_bसचित्र
_c24 सेंमी. (सजिल्द)
942 _2ddc
_cCH
_mनिरुप
_h507.8
999 _c61411
_d61411